[Event "WYCC U18 Open 2019"]
[Site "Mumbai"]
[Date "2019.10.05"]
[Round "5.10"]
[White "Rahul Srivatshav P"]
[Black "Chylewski, Patryk"]
[Result "*"]
[WhiteElo "2460"]
[BlackElo "2348"]
[Annotator "ChessBase"]
[PlyCount "31"]
[EventDate "2019.10.02"]
[EventType "swiss"]
[EventCountry "IND"]
[SourceTitle "playchess.com"]
[Source "ChessBase"]
[SourceQuality "1"]
[TimeControl "40/5400+30:1800+30"]

1. d4 {[%emt 0:00:00]} Nf6 {[%emt 0:00:00]} 2. c4 {[%emt 0:00:41]} e6 {[%emt 0:00:00]} 3. g3 {[%emt 0:00:05]} d5 {[%emt 0:00:48]} 4. Nf3 {[%emt 0:00:04]} Bb4+ {[%emt 0:00:41]} 5. Bd2 {[%emt 0:00:18]} Be7 {[%emt 0:03:58]} 6. Bg2 {[%emt 0:00:46]} c6 {[%emt 0:00:08]} 7. Qc2 {[%emt 0:03:54]} b6 {[%emt 0:00:36]} 8. O-O {[%emt 0:03:06]} Bb7 {[%emt 0:00:16]} 9. Nc3 {[%emt 0:13:24]} dxc4 {[%emt 0:09:40]} 10. e4 Nbd7 {[%emt 0:01:11]} 11. Rfd1 {[%emt 0:16:10]} O-O {[%emt 0:03:50]} 12. Bf4 {[%emt 0:00:37]} b5 {[%emt 0:10:38]} 13. h3 {[%emt 0:00:28]} Nb6 {[%emt 0:06:39]} 14. Ne2 {[%emt 0:12:17]} Nfd7 {[%emt 0:01:44]} 15. h4 {[%emt 0:03:38]} h6 {[%emt 0:01:48]} 16. Nh2 {[%emt 0:05:19]} *

[Event "WYCC U18 Open 2019"]
[Site "Mumbai"]
[Date "2019.10.05"]
[Round "5.11"]
[White "Davtyan, Artur"]
[Black "Sezdbekov, Ruslan"]
[Result "1-0"]
[WhiteElo "2418"]
[BlackElo "2271"]
[Annotator "TA"]
[PlyCount "71"]
[EventDate "2019.10.02"]
[EventType "swiss"]
[EventCountry "IND"]
[SourceTitle "playchess.com"]
[Source "ChessBase"]
[SourceQuality "1"]

{[%evp 13,71,8,28,35,35,38,37,0,0,0,0,0,25,15,16,24,46,25,31,35,36,12,42,0,0,0,0,0,0,0,0,0,0,0,0,0,0,0,0,0,330,338,345,334,333,333,344,341,29976,29977,6227,5330,5577,1851,29978,29979,29987,29988,29986,5319]} 1. d4 Nf6 2. c4 e6 3. Nf3 d5 4. Nc3 Be7 5. Bf4 O-O 6. e3 a6 7. c5 Nc6 8. a3 {D37: Queen's Gambit Declined: 5 Bf4} Nh5 9. Bd3 f5 (9... Nxf4 10. exf4 Bf6 11. Ne2 g6 12. O-O Bg7 13. b4 f6 14. Qb3 e5 15. Be4 Be6 16. dxe5 {1-0 (33) David,A (2608)-Dervishi,E (2557) Fermo 2010}) 10. O-O $146 {White is slightly better.} (10. Be5 {is interesting.} Nf6 11. O-O Bd7 12. Rc1 Ne4 13. Ne2) ({Predecessor:} 10. h4 Bd7 11. b4 Be8 12. Ne2 Nf6 13. Ne5 Ne4 14. h5 Bh4 15. g3 Bf6 16. Nxc6 Bxc6 {1-0 (52) Kroeze,F (2405)-Ivanov,V (2327) Germany 2014}) 10... g5 11. Nxg5 Nxf4 12. exf4 Bxg5 13. fxg5 Qxg5 14. Bc2 b5 15. cxb6 cxb6 16. Rc1 Bd7 17. Qd3 Rac8 18. Bb1 Na5 {[%cal Bc6a5,Ba5c4,Bc4b2,Bb2d3][%mdl 32] White must now prevent ...Bb5!} 19. Qxa6 Nc4 20. Ba2 {Black should prevent Bxc4.} Nxb2 21. f4 Qf6 (21... Qg7 $5 22. Ne2 $8 b5 $11) 22. Qxb6 Nd3 $1 {[%cal Rd3c1]} 23. Rc2 $1 (23. Nxd5 exd5 24. Bxd5+ Kg7 $17) 23... Qg7 {aiming for ...Rc6.} 24. Rf3 Rb8 $1 {[%cal Rb8b6]} 25. Qd6 $36 {[%mdl 2048] Black is under pressure.} Qxd4+ 26. Kh1 Ba4 $2 {[%mdl 8192]} (26... Rbd8 $11) 27. Qxe6+ $18 Rf7 {Strongly threatening ...Re8.} (27... Kh8 28. Rxd3 $1 {[%mdl 512]} Qxf4 29. Rf3 $18) 28. Rg3+ ({Less strong is} 28. Bxd5 Bxc2 29. Qxf7+ Kh8 $18) 28... Kh8 29. Rxd3 $1 {[%mdl 64] Deflection} ({But not} 29. Qxd5 $2 Qxd5 30. Bxd5 Re7 $19) 29... Qxd3 {[%cal Rd3f1]} 30. Qe5+ {[%mdl 64] Double Attack} Rg7 $2 (30... Kg8 $18 31. Qxb8+ Rf8 32. Bxd5+ Qxd5 33. Qxf8+ (33. Nxd5 Rxb8 34. Rc1 Kf7 $16) 33... Kxf8 34. Nxd5 Bxc2) 31. Qxb8+ Rg8 32. Qe5+ {[%mdl 64] Double Attack} Rg7 33. Rc1 Qd2 34. Rg1 {White mates.} Bd7 35. Bxd5 h6 36. Ne2 {Accuracy: White = 69%, Black = 67%.} (36. Qd6 $142 Kh7 {[#]} 37. Bg8+ $1 {[%mdl 576] Discovered Attack} Kxg8 38. Qxd2 Bc6 39. Qd6 $1 {[%mdl 512]} Bb7 40. Qe6+ Kh7 41. Qxf5+ Kg8 42. Nd5) 1-0

[Event "WYCC U18 Open 2019"]
[Site "Mumbai"]
[Date "2019.10.05"]
[Round "5.12"]
[White "Srijit, Paul"]
[Black "Mendonca, Leon Luke"]
[Result "1/2-1/2"]
[WhiteElo "2317"]
[BlackElo "2388"]
[Annotator "TA"]
[PlyCount "123"]
[EventDate "2019.10.02"]
[EventType "swiss"]
[EventCountry "IND"]
[SourceTitle "playchess.com"]
[Source "ChessBase"]
[SourceQuality "1"]

{[%evp 15,123,0,9,4,17,-9,-20,-52,-51,-42,-35,-55,-45,-39,0,-55,-48,-54,-47,-88,-99,-150,-119,-171,-180,-166,-154,-158,-156,-135,-144,-216,-193,-190,-182,-180,-136,-163,-91,-88,-77,-93,-62,-56,-46,-55,-12,-25,0,0,0,0,0,0,0,-139,-96,-278,0,0,0,-100,0,0,117,81,121,114,125,96,95,0,0,0,0,0,0,0,0,0,0,0,0,0,0,0,0,0,0,0,0,0,0,0,0,0,0,0,0,0,0,0,0,0,0,0,0,0,0,0]} 1. e4 c5 2. Nf3 d6 3. d4 cxd4 4. Nxd4 Nf6 5. Nc3 a6 6. Be2 e5 7. Nb3 Be7 8. g4 h6 9. Be3 {B92: Sicilian Najdorf: 6 Be2} (9. Rg1 Be6 10. f4 exf4 11. Bxf4 Nc6 12. Qd2 d5 13. exd5 Nxd5 14. Nxd5 Qxd5 15. Qxd5 Bxd5 16. O-O-O O-O-O {½-½ (37) Lu,S (2619)-Wei,Y (2700) China 2016}) 9... Be6 10. Bf3 Nbd7 11. h4 Nb6 12. Nd2 $146 ({Predecessor:} 12. Qe2 Nc4 13. O-O-O Nxe3 14. fxe3 Nd7 15. Kb1 Rc8 16. Qf2 Rxc3 17. bxc3 {0-1 (34) Saim,M (2102)-Karavade,E (2397) Abu Dhabi 2017}) 12... Rc8 13. a3 g6 14. Qe2 Nfd7 15. Qd3 (15. h5 $11) 15... Nc5 $15 16. Bxc5 Rxc5 17. h5 Bg5 18. Nb3 (18. Nd5 $142) 18... Rc7 19. Na5 (19. Nd5 $17 Bxd5 20. exd5) 19... O-O $19 20. Rd1 Qf6 21. Be2 Rd8 22. Qf3 Qe7 23. Bd3 (23. Rh3 $17 {might work better.}) 23... Rdc8 24. Kf1 Kg7 25. Nd5 Bxd5 26. exd5 Bf4 (26... Rc5 $19 27. Nb3 Rxc2 28. Bxc2 Rxc2 29. hxg6 fxg6) 27. c4 Qg5 28. b4 Nd7 29. c5 Nf6 ({Not} 29... dxc5 30. d6 $14) 30. Rg1 dxc5 31. d6 Rd7 {[#]} 32. Bf5 $1 {[%mdl 512]} gxf5 33. gxf5 {[#]} Qxg1+ $1 {[%mdl 512]} 34. Kxg1 c4 $1 {[%cal Rc4c3] aiming for ...c3.} 35. Qe2 (35. Nxb7 $11 c3 36. Rf1) 35... b5 36. a4 $2 (36. Kg2 $17) 36... Kg8 $2 (36... c3 $19 37. Qc2 bxa4) 37. axb5 $11 axb5 38. Kf1 (38. Qc2 $1 $11) 38... Kh7 (38... e4 $17 {And now ...c3 would win.} 39. Qc2 Be5) 39. Qc2 Kh8 {[#]} (39... Kg7 $11) 40. Nb3 $1 $16 {Threatens to win with Nc5.} Rcd8 41. Nc5 Rxd6 42. Rxd6 Rxd6 {[#]} 43. Ne4 ({White should try} 43. Qa2 $1 $16) 43... Nxe4 $11 {The position is equal.} 44. Qxe4 {[%mdl 4096] Endgame KQ-KRB} c3 45. Qb7 Kg7 $1 46. Qc7 Rd3 47. Kg2 Bg5 48. Qxe5+ Bf6 49. Qc7 Rd8 50. Kf3 Rd3+ 51. Kg2 Rd8 52. Qg3+ Kf8 53. Qf4 Kg7 {White must now prevent ...Rc8.} 54. Qg3+ Kh7 55. Qc7 Kg8 56. Qg3+ Kf8 57. Qf4 Kg7 {...Rc8 is the strong threat.} 58. Qg3+ Kh8 {( -> ...Rg8!)} 59. Qc7 Kg8 60. Qg3+ Kf8 61. Qf4 Kg7 {Hoping for ...Rc8.} 62. Qg3+ {Accuracy: White = 61%, Black = 66%.} 1/2-1/2

[Event "WYCC U18 Open 2019"]
[Site "Mumbai"]
[Date "2019.10.05"]
[Round "5.12"]
[White "Srijit Paul"]
[Black "Mendonca, Leon Luke"]
[Result "*"]
[WhiteElo "2317"]
[BlackElo "2388"]
[Annotator "ChessBase"]
[PlyCount "31"]
[EventDate "2019.10.02"]
[EventType "swiss"]
[EventCountry "IND"]
[SourceTitle "playchess.com"]
[Source "ChessBase"]
[SourceQuality "1"]
[TimeControl "40/5400+30:1800+30"]

1. e4 {[%emt 0:00:00]} c5 {[%emt 0:00:00]} 2. Nf3 {[%emt 0:00:00]} d6 {[%emt 0:00:00]} 3. d4 {[%emt 0:00:00]} cxd4 {[%emt 0:00:00]} 4. Nxd4 {[%emt 0:00:00]} Nf6 {[%emt 0:00:00]} 5. Nc3 {[%emt 0:00:00]} a6 {[%emt 0:00:00]} 6. Be2 {[%emt 0:00:07]} e5 {[%emt 0:00:21]} 7. Nb3 {[%emt 0:00:05]} Be7 {[%emt 0:00:20]} 8. g4 {[%emt 0:01:44]} h6 {[%emt 0:02:22]} 9. Be3 {[%emt 0:02:18]} Be6 {[%emt 0:05:05]} 10. Bf3 {[%emt 0:08:41]} Nbd7 {[%emt 0:05:38]} 11. h4 {[%emt 0:03:41]} Nb6 {[%emt 0:08:16]} 12. Nd2 {[%emt 0:00:30]} Rc8 {[%emt 0:08:05]} 13. a3 {[%emt 0:13:08]} g6 {[%emt 0:12:19]} 14. Qe2 {[%emt 0:09:16]} Nfd7 {[%emt 0:12:33]} 15. Qd3 {[%emt 0:02:44]} Nc5 {[%emt 0:05:11]} 16. Bxc5 {[%emt 0:01:03]} *

[Event "WYCC U18 Open 2019"]
[Site "Mumbai"]
[Date "2019.10.05"]
[Round "5.13"]
[White "Omorjan, Dejan"]
[Black "Zhalmakhanov, Ramazan"]
[Result "0-1"]
[WhiteElo "2252"]
[BlackElo "2374"]
[Annotator "TA"]
[PlyCount "64"]
[EventDate "2019.10.02"]
[EventType "swiss"]
[EventCountry "IND"]
[SourceTitle "playchess.com"]
[Source "ChessBase"]
[SourceQuality "1"]

{[%evp 15,64,34,44,22,80,64,206,210,205,151,191,77,59,65,71,61,64,67,59,60,54,18,16,19,26,16,61,59,60,0,0,0,0,0,0,-29978,-29979,-29979,-29980,-29979,-29980,-29975,-29976,-29975,-29975,-29995,-29996,-29996,-29997,-29997,193]} 1. d4 Nf6 2. c4 e6 3. Nf3 c5 4. d5 d6 5. Nc3 exd5 6. cxd5 g6 7. Bf4 Bg7 8. Qa4+ Bd7 9. Qb3 {A61: Modern Benoni: Nf3 without early e4} Bc8 (9... Qc7 $11) (9... O-O 10. e3 Qc7 11. h3 Na6 12. Be2 b5 13. Bxb5 Rab8 14. O-O Nh5 15. a4 Nxf4 16. exf4 Nb4 17. Bxd7 Qxd7 {0-1 (55) Zhou,J (2608)-Ponkratov,P (2651) Harbin 2019}) 10. Qb5+ $16 Bd7 $146 (10... Kf8 $14) ({Predecessor:} 10... Kf8 11. e4 a6 12. Qb3 b5 13. Nd2 Ne8 14. Be2 Nd7 15. O-O b4 16. Nd1 a5 {0-1 (40) Zoler,D (2503)-Abergel,T (2422) Israel 2019}) 11. Qxb7 $18 {White is clearly better.} O-O 12. e3 (12. Qxa8 $6 Qb6 $16) 12... Qa5 13. Nd2 ({And not} 13. Qxa8 Ne4 $11) (13. Bxd6 Nxd5 14. Nd2 (14. Qxa8 $2 Bxc3+ 15. Kd1 Bc6 $19) 14... Bc6 $17) (13. Rc1 $18 {has better winning chances.}) 13... Qb4 $16 14. Qxa8 Qxb2 15. Nd1 $1 {[%cal Rd1b2]} ({Don't play} 15. Bxd6 Qxc3 16. Rd1 Re8 $15) ({Of course not} 15. Rd1 Nc6 $11) 15... Qxa1 16. Bxd6 {[%mdl 64] Double Attack} Re8 17. Bxb8 {Strongly threatening Be2.} Bg4 {[%csl Gg4][%cal Ra1d1]} 18. Be2 (18. f3 {feels hotter.} Bd7 19. Nc4 Ba4 20. Be2 Bxd1 21. Kf2) 18... Bxe2 19. Kxe2 Qxa2 {Hoping for ...Ne4.} 20. Qxa7 Qxd5 {White must now prevent ...Rd8.} 21. Nc3 Qxg2 22. Rb1 (22. Rc1 $1 $14 Bh6 23. Nf1) 22... Ng4 $11 {( -> ...Rxe3+)} 23. Nce4 $1 Rxe4 24. Nxe4 Qxe4 25. Qb7 $2 {[%mdl 8192]} (25. Rc1 $11 Nxe3 26. fxe3 Qg2+ 27. Ke1 Qh1+ 28. Kd2 Qd5+ 29. Ke2 Qg2+ 30. Ke1 Qh1+ 31. Kd2 Qg2+ 32. Ke1) 25... Qc2+ {Black mates.} 26. Kf3 Qxf2+ 27. Kxg4 {[#]} h5+ $1 28. Kh3 {[#]} g5 $1 {[%csl Gh5][%cal Rg5g4]} 29. Qc8+ Kh7 30. Rg1 Qf3+ 31. Rg3 g4+ 32. Kh4 Qf6+ 0-1

[Event "WYCC U18 Open 2019"]
[Site "Mumbai"]
[Date "2019.10.05"]
[Round "5.14"]
[White "Vatsal, Singhania"]
[Black "Stoleriu, George"]
[Result "1/2-1/2"]
[WhiteElo "2157"]
[BlackElo "2351"]
[Annotator "TA"]
[PlyCount "102"]
[EventDate "2019.10.02"]
[EventType "swiss"]
[EventCountry "IND"]
[SourceTitle "playchess.com"]
[Source "ChessBase"]
[SourceQuality "1"]

{[%evp 15,102,12,12,14,20,19,18,0,0,0,6,0,0,0,5,0,0,-23,-12,-25,0,1,18,14,47,40,54,50,44,-108,-108,-108,-105,-114,-114,-111,-53,-64,-46,-95,-92,-83,-27,-62,-47,-43,-9,-9,-7,-7,-7,-8,0,-7,-7,-6,-2,-9,-9,-24,-8,-20,-23,-20,-16,-20,-20,-20,-16,-16,-16,-16,0,0,0,0,0,0,0,0,0,0,0,0,0,0,0,-4,0]} 1. e4 e6 2. d4 d5 3. Nd2 Nc6 4. Ngf3 Nf6 5. e5 Nd7 6. Nb3 Be7 7. Bb5 a5 8. a4 Na7 9. Be2 {C04: French Tarrasch: 3...Nc6} b6 10. O-O O-O 11. Bf4 c5 12. c3 Nc6 13. Bb5 $146 ({Predecessor:} 13. Re1 Ba6 14. Bxa6 Rxa6 15. Re3 Ra8 {1-0 (23) Jones,G (2675)-Chakravarthi,R (2442) Sharjah 2018}) 13... Na7 14. Be2 Nc6 15. Bb5 Na7 16. c4 Bb7 17. Rc1 dxc4 18. Bxc4 cxd4 19. Nfxd4 {aiming for Qg4.} Nc5 (19... Bg5 $5 {[%cal Rg5f4]} 20. Bxg5 Qxg5 $11 {[%mdl 64] Double Attack}) 20. Qg4 {Bh6 is the strong threat.} Kh8 $1 21. Rfd1 Qe8 22. Nb5 $2 (22. Nxc5 $14 {stays ahead.} bxc5 23. Nb5) 22... Nxb3 $17 23. Bxb3 {Threatens to win with Nc7.} Nxb5 24. axb5 Qxb5 25. Bc4 {[#]} Qe8 ({Black should play} 25... Qb4 $1 $17 26. Qg3 Rfd8) 26. Bd3 Rc8 27. Be3 Rxc1 28. Rxc1 {[#]} Qd8 (28... Qb8 $1 $17) 29. Bf1 Bd5 30. Qa4 Qb8 31. Qd7 Bc5 32. Bxc5 bxc5 33. Qd6 Kg8 (33... g6 {is more complex.} 34. Qxc5 h6 35. Qxa5 Qxb2 36. Qc3 Qb7) 34. Qxb8 Rxb8 35. Rxc5 $11 {[%mdl 4096] Endgame KRB-KRB} g5 36. Rxa5 Rxb2 37. Ra1 Rc2 38. Re1 Kg7 39. g3 h6 {The position is equal.} 40. Bg2 Bxg2 41. Kxg2 {KR-KR} h5 42. h3 Rc4 43. Kf3 g4+ 44. hxg4 hxg4+ 45. Kg2 Kg6 46. Ra1 Kf5 47. Ra7 Kg6 48. Ra5 Re4 49. Rb5 Kf5 50. Rb7 Kg6 51. Rb5 Kf5 {Accuracy: White = 62%, Black = 56%.} 1/2-1/2

[Event "WYCC U18 Open 2019"]
[Site "Mumbai"]
[Date "2019.10.05"]
[Round "5.14"]
[White "Vatsal Singhania"]
[Black "Stoleriu, George"]
[Result "*"]
[WhiteElo "2157"]
[BlackElo "2351"]
[Annotator "ChessBase"]
[PlyCount "42"]
[EventDate "2019.10.02"]
[EventType "swiss"]
[EventCountry "IND"]
[SourceTitle "playchess.com"]
[Source "ChessBase"]
[SourceQuality "1"]
[TimeControl "40/5400+30:1800+30"]

1. e4 {[%emt 0:00:00]} e6 {[%emt 0:00:00]} 2. d4 {[%emt 0:00:00]} d5 {[%emt 0:00:00]} 3. Nd2 {[%emt 0:00:00]} Nc6 {[%emt 0:00:00]} 4. Ngf3 {[%emt 0:00:00]} Nf6 {[%emt 0:00:00]} 5. e5 {[%emt 0:00:00]} Nd7 {[%emt 0:00:00]} 6. Nb3 {[%emt 0:00:00]} Be7 {[%emt 0:00:00]} 7. Bb5 {[%emt 0:00:08]} a5 {[%emt 0:00:13]} 8. a4 {[%emt 0:00:04]} Na7 {[%emt 0:07:08]} 9. Be2 {[%emt 0:00:46]} b6 {[%emt 0:00:12]} 10. O-O {[%emt 0:00:43]} O-O {[%emt 0:00:17]} 11. Bf4 {[%emt 0:07:36]} c5 {[%emt 0:00:24]} 12. c3 {[%emt 0:02:57]} Nc6 {[%emt 0:02:19]} 13. Bb5 {[%emt 0:06:17]} Na7 {[%emt 0:05:59]} 14. Be2 {[%emt 0:02:35]} Nc6 {[%emt 0:01:23]} 15. Bb5 {[%emt 0:03:16]} Na7 {[%emt 0:19:25]} 16. c4 {[%emt 0:10:39]} Bb7 {[%emt 0:06:33]} 17. Rc1 {[%emt 0:03:18]} dxc4 {[%emt 0:08:25]} 18. Bxc4 {[%emt 0:01:41]} cxd4 {[%emt 0:00:05]} 19. Nfxd4 {[%emt 0:01:56]} Nc5 {[%emt 0:01:29]} 20. Qg4 {[%emt 0:02:13]} Kh8 {[%emt 0:01:22]} 21. Rfd1 {[%emt 0:02:41]} Qe8 {[%emt 0:01:15]} *

[Event "WYCC U18 Open 2019"]
[Site "Mumbai"]
[Date "2019.10.05"]
[Round "5.15"]
[White "Gaurav, Rajesh Zagade"]
[Black "Blohberger, Felix"]
[Result "0-1"]
[WhiteElo "2053"]
[BlackElo "2448"]
[Annotator "RC"]
[PlyCount "112"]
[EventDate "2019.10.02"]
[EventType "swiss"]
[EventCountry "IND"]
[SourceTitle "playchess.com"]
[Source "ChessBase"]
[SourceQuality "1"]
[TimeControl "40/5400+30:1800+30"]

1. d4 {[%emt 0:00:00]} Nf6 {[%emt 0:00:00]} 2. c4 {[%emt 0:00:00]} e6 {[%emt 0:00:00]} 3. g3 {[%emt 0:00:00]} Bb4+ {[%emt 0:01:12]} 4. Bd2 {[%emt 0:00:02]} Be7 {[%emt 0:03:45]} 5. Bg2 {[%emt 0:00:18]} d5 {[%emt 0:00:05]} 6. Nf3 {[%emt 0:00:45]} Ne4 {[%emt 0:00:45]} 7. Qc2 {[%emt 0:01:53]} c6 {[%emt 0:00:21]} 8. O-O {[%emt 0:01:05]} Nd7 {[%emt 0:01:15]} 9. Rd1 {[%emt 0:01:25]} f5 {[%emt 0:01:15]} 10. Be1 {[%emt 0:01:17]} g5 {[%emt 0:05:42]} 11. Nbd2 {[%emt 0:03:51]} g4 {[%emt 0:07:24]} 12. Ne5 {[%emt 0:00:20]} Nxe5 {[%emt 0:00:49]} 13. dxe5 {[%emt 0:00:37]} Qb6 {[%emt 0:01:41]} 14. Rac1 {[%emt 0:12:32]} Bd7 {[%emt 0:06:40]} 15. Nb3 {[%emt 0:06:28]} h5 {[%emt 0:09:22]} 16. Bxe4 {[%emt 0:12:07]} fxe4 {[%emt 0:02:04]} 17. Bd2 {[%emt 0:09:24]} Qa6 {[%emt 0:07:23]} 18. Be3 {[%emt 0:02:27]} b6 {[%emt 0:04:13]} 19. f3 {[%emt 0:06:44]} Qxc4 {[%emt 0:06:11]} 20. Qxc4 {[%emt 0:10:54]} dxc4 {[%emt 0:00:31]} 21. Rxc4 {[%emt 0:00:14]} exf3 {[%emt 0:03:37]} 22. exf3 {[%emt 0:00:12]} gxf3 {[%emt 0:00:11]} 23. Nd4 {[%emt 0:01:19]} c5 {[%emt 0:02:25]} 24. Nxf3 {[%emt 0:00:28]} Bc6 {[%emt 0:02:38]} 25. Ng5 {[%emt 0:03:09]} Bd5 {[%emt 0:00:50]} 26. Rc3 {[%emt 0:01:12]} h4 {[%emt 0:01:36]} 27. Bf4 {[%emt 0:04:46]} hxg3 {[%emt 0:12:02]} 28. Rxg3 {[%emt 0:00:17]} Rh4 {[%emt 0:00:50]} 29. Bc1 {[%emt 0:03:31]} Kd7 {[%emt 0:04:05]} 30. Nf3 {[%emt 0:03:32]} Rh5 {[%emt 0:02:37]} 31. b3 {[%emt 0:08:23]} Kc6 {[%emt 0:02:05]} 32. Bb2 {[%emt 0:01:34]} Rah8 {[%emt 0:04:21]} 33. Rd2 {[%emt 0:00:33]} Rf8 {[%emt 0:01:17]} 34. Rd3 {[%emt 0:02:41]} a5 {[%emt 0:00:19]} 35. Ba1 {[%emt 0:02:41]} b5 {[%emt 0:03:18]} 36. Bb2 {[%emt 0:00:36]} b4 {[%emt 0:00:47]} 37. a3 {[%emt 0:00:40]} Rfh8 {[%emt 0:01:26]} 38. axb4 {[%emt 0:00:19]} axb4 {[%emt 0:00:05]} 39. h3 {[%emt 0:00:35]} Be4 {[%emt 0:03:47]} 40. Re3 {[%emt 0:00:31]} Bf5 {[%emt 0:00:15]} 41. h4 {[%emt 0:10:39]} Bxh4 42. Nxh4 {[%emt 0:00:05]} Rxh4 {[%emt 0:01:09]} 43. Rg2 {[%emt 0:02:41]} Rh3 {[%emt 0:08:24]} 44. Rge2 {[%emt 0:02:23]} Rxe3 {[%emt 0:01:15]} 45. Rxe3 {[%emt 0:00:06]} Rh3 {[%emt 0:00:07]} 46. Rxh3 {[%emt 0:01:35]} Bxh3 {[%emt 0:00:05]} 47. Kf2 {[%emt 0:00:03]} Bf5 {[%emt 0:00:05]} 48. Ke3 {[%emt 0:00:04]} Bc2 {[%emt 0:00:04]} 49. Kd2 {[%emt 0:00:11]} Bxb3 {[%emt 0:00:06]} 50. Kc1 {[%emt 0:00:53]} Kd5 {[%emt 0:00:11]} 51. Kb1 {[%emt 0:00:11]} c4 {[%emt 0:00:32]} 52. Bc1 {[%emt 0:00:50]} c3 {[%emt 0:00:14]} 53. Bf4 {[%emt 0:00:15]} Ba4 {[%emt 0:00:23]} 54. Bh2 {[%emt 0:00:27]} b3 {[%emt 0:00:06]} 55. Ka1 {[%emt 0:03:09]} Bb5 {[%emt 0:01:11]} 56. Bf4 {[%emt 0:00:47]} b2+ {[%emt 0:00:08]} 0-1

[Event "WYCC U18 Open 2019"]
[Site "Mumbai"]
[Date "2019.10.05"]
[Round "5.15"]
[White "Gaurav Rajesh Zagade"]
[Black "Blohberger, Felix"]
[Result "*"]
[WhiteElo "2053"]
[BlackElo "2448"]
[Annotator "ChessBase"]
[PlyCount "35"]
[EventDate "2019.10.02"]
[EventType "swiss"]
[EventCountry "IND"]
[SourceTitle "playchess.com"]
[Source "ChessBase"]
[SourceQuality "1"]
[TimeControl "40/5400+30:1800+30"]

1. d4 {[%emt 0:00:00]} Nf6 {[%emt 0:00:00]} 2. c4 {[%emt 0:00:00]} e6 {[%emt 0:00:00]} 3. g3 {[%emt 0:00:00]} Bb4+ {[%emt 0:01:12]} 4. Bd2 {[%emt 0:00:02]} Be7 {[%emt 0:03:45]} 5. Bg2 {[%emt 0:00:18]} d5 {[%emt 0:00:05]} 6. Nf3 {[%emt 0:00:45]} Ne4 {[%emt 0:00:45]} 7. Qc2 {[%emt 0:01:53]} c6 {[%emt 0:00:21]} 8. O-O {[%emt 0:01:05]} Nd7 {[%emt 0:01:15]} 9. Rd1 {[%emt 0:01:25]} f5 {[%emt 0:01:15]} 10. Be1 {[%emt 0:01:17]} g5 {[%emt 0:05:42]} 11. Nbd2 {[%emt 0:03:51]} g4 {[%emt 0:07:24]} 12. Ne5 {[%emt 0:00:20]} Nxe5 {[%emt 0:00:49]} 13. dxe5 {[%emt 0:00:37]} Qb6 {[%emt 0:01:41]} 14. Rac1 {[%emt 0:12:32]} Bd7 {[%emt 0:06:40]} 15. Nb3 {[%emt 0:06:28]} h5 {[%emt 0:09:22]} 16. Bxe4 {[%emt 0:12:07]} fxe4 {[%emt 0:02:04]} 17. Bd2 {[%emt 0:09:24]} Qa6 {[%emt 0:07:23]} 18. Be3 {[%emt 0:02:27]} *

[Event "WYCC U18 Open 2019"]
[Site "Mumbai"]
[Date "2019.10.05"]
[Round "5.16"]
[White "Kizatbay, Abyl"]
[Black "Manu, David Suthandram R"]
[Result "0-1"]
[WhiteElo "2160"]
[BlackElo "2403"]
[Annotator "TA"]
[PlyCount "102"]
[EventDate "2019.10.02"]
[EventType "swiss"]
[EventCountry "IND"]
[SourceTitle "playchess.com"]
[Source "ChessBase"]
[SourceQuality "1"]

{[%evp 13,102,0,0,0,0,0,36,22,36,29,29,26,23,34,20,8,24,-24,-16,-26,-26,-39,-42,-41,-29,-29,-22,-32,-17,-50,-9,-46,-39,-33,0,0,0,0,0,0,0,0,0,0,0,0,99,93,93,-84,-93,-89,-76,-75,-83,-121,-108,-115,-117,-180,-175,-185,-182,-232,-242,-231,-199,-245,-233,-228,-212,-255,-221,-685,-680,-623,-610,-1104,-1002,-6095,-1799,-1289,-1348,-29963,-6123,-29990,-29991,-29991,-29992,-29992,-29993]} 1. e4 c5 2. Nf3 Nc6 3. Bb5 e6 4. O-O Nge7 5. Re1 a6 6. Bf1 g6 7. c3 Bg7 8. d4 {B30: Sicilian: 2...Nc6 3 Bb5, lines without ...g6} cxd4 9. cxd4 d6 (9... d5 10. Nc3 dxe4 11. Nxe4 Nd5 12. Bg5 f6 13. Bh4 O-O 14. Nc5 Re8 15. Rc1 g5 {1-0 (47) Lu,S (2546)-Polgar,J (2685) Dubai 2014}) 10. Nc3 {White is slightly better.} O-O 11. Bg5 h6 12. Be3 d5 13. e5 Nf5 14. h3 $146 ({Predecessor:} 14. Na4 Nxe3 15. Rxe3 {½-½ (22) Rangel,D (2280)-Borges,G (2207) Rio de Janeiro 2017}) 14... Bd7 15. Bc1 Rc8 $36 {[%mdl 2048] Black has good play.} 16. g4 Nh4 17. Nxh4 Qxh4 18. Bf4 Qe7 19. Qd2 f6 20. Bg3 fxe5 21. dxe5 Qc5 22. Rad1 Rf3 {aiming for ...Rxg3+.} 23. Kh1 Rcf8 {[%cal Rf3f2]} (23... Rxg3 $5 24. fxg3 Nxe5 $15) 24. Bg2 Rxf2 25. Bxf2 Rxf2 {[#]} ({Much weaker is} 25... Qxf2 26. Nxd5 $1 {[%mdl 512]} Qxd2 27. Rxd2 $16) 26. Ne4 $1 {[%cal Re4c5][%mdl 576] Double Attack} Rxd2 (26... dxe4 27. Qxd7) 27. Nxc5 Rxd1 28. Rxd1 Bc8 29. Nd3 Nxe5 (29... Kf7 $11) 30. Nxe5 $16 Bxe5 $11 {[%mdl 4096] Endgame [#] KRB-KB} 31. Re1 $2 (31. Bxd5 $1 $16 {[%mdl 512] is forced if you want to stay better. And now Be4 would win.} exd5 32. Re1) 31... Bg3 $1 $17 {[%cal Rg3e1]} ({Reject} 31... Bxb2 $6 32. Re2 $16) 32. Re3 {[#]} Bf4 $1 {[%cal Rf4e3]} 33. Rb3 Kf7 34. Rb6 Ke7 35. Bf3 Kd7 36. Kg2 {[#]} (36. Rb3 $17) 36... Kc7 $1 $19 {[%cal Rc7b6]} 37. Rb3 Bd7 38. h4 Bc6 39. Rd3 Kd6 40. Be4 g5 41. hxg5 hxg5 ({Resist} 41... Bxg5 42. Kg3) 42. Bg6 e5 43. Rh3 $2 (43. Kf2) 43... d4+ 44. Kf1 e4 45. Rh8 Bb5+ 46. Ke1 Bg3+ (46... e3 $142 47. Rh1 d3 48. Bxd3 Bxd3) 47. Kd1 e3 {Threatens to win with ...e2+.} 48. Rh1 d3 49. b3 e2+ {Black mates.} 50. Kd2 Bf4+ 51. Kc3 d2 {Accuracy: White = 40%, Black = 78%.} 0-1